Social protection in Bangladesh : (Record no. 13732)
[ view plain ]
| 000 -LEADER | |
|---|---|
| fixed length control field | 00743nam a2200217 a 4500 |
| 001 - CONTROL NUMBER | |
| JCCL Control Number | 13732 |
| 003 - CONTROL NUMBER IDENTIFIER | |
| JCCL marc code | BD-JhCC |
| 005 - DATE AND TIME OF LATEST TRANSACTION | |
| control field | 20240320094121.0 |
| 008 - FIXED-LENGTH DATA ELEMENTS--GENERAL INFORMATION | |
| fixed length control field | 240319b2014 bg |||| ||a| 001 0 eng d |
| 020 ## - INTERNATIONAL STANDARD BOOK NUMBER | |
| International Standard Book Number | 9789845061452 |
| 035 ## - SYSTEM CONTROL NUMBER | |
| system control number | (BD-JhCC)13732 |
| 040 ## - CATALOGING SOURCE | |
| Original cataloging agency | BD-JhCC |
| Modifying agency | BD-JhCC |
| 041 ## - LANGUAGE CODE | |
| Language code of Book | english |
| 082 ## - DEWEY DECIMAL CLASSIFICATION NUMBER | |
| Classification number | 338.954 |
| Author mark and Year | RAH 2014 |
| 100 ## - MAIN ENTRY--PERSONAL NAME | |
| Personal name | Rahman,Hossain Zillur |
| 245 ## - TITLE STATEMENT | |
| Title | Social protection in Bangladesh : |
| Remainder of title | Building Effective Social Safety Nets and Ladders out of Poverty / |
| Statement of responsibility, etc | Hossain Zillur Rahman. |
| 260 ## - PUBLICATION, DISTRIBUTION, ETC. (IMPRINT) | |
| Place of publication, distribution, etc | Dhaka: |
| Name of publisher, distributor, etc | The University Press Limited; |
| Date of publication, distribution, etc | 2014. |
| 300 ## - PHYSICAL DESCRIPTION | |
| Pagination | xxviii, 364 p. : |
| Dimensions | 24 cm. |
| 650 ## - SUBJECT ADDED ENTRY--TOPICAL TERM | |
| Topical term or geographic name as entry element | Bangladesh Economic policy |
| General subdivision | Economic assistance, Domestic |
| Chronological subdivision | Economic policy |
| Geographic subdivision | Bangladesh |
| 942 ## - ADDED ENTRY ELEMENTS (KOHA) | |
| Source of classification or shelving scheme | Dewey Decimal Classification |
| Koha item type | Books |
| Source of classification or shelving scheme | Damaged status | Not for loan | Home library | Current library | Shelving location | Date of accession | Cost, normal purchase price | Total Checkouts | Full call number | Barcode | Date last seen | Date checked out | Copy number | Method of acquisition | Koha item type | Currency |
|---|---|---|---|---|---|---|---|---|---|---|---|---|---|---|---|---|
| Dewey Decimal Classification | JCC Rouf Library | JCC Rouf Library | General Stacks | 2000.00 | 1 | 338.954 RAH 2014 | 18963 | 05/06/2024 | 04/29/2024 | C-1 | Purchase | Books | BDT | |||
| Dewey Decimal Classification | JCC Rouf Library | JCC Rouf Library | General Stacks | 2000.00 | 338.954 RAH 2014 | 18964 | 03/20/2024 | C-2 | Purchase | Books | BDT |